<?xml version="1.0" encoding="UTF-8"?><marc:collection xmlns:marc="http://www.loc.gov/MARC21/slim">
  <marc:record>
    <marc:leader>00000nam  2200000za 4500</marc:leader>
    <marc:controlfield tag="001">9.856161</marc:controlfield>
    <marc:controlfield tag="003">CaOODSP</marc:controlfield>
    <marc:controlfield tag="005">20221107155457</marc:controlfield>
    <marc:controlfield tag="007">cr |||||||||||</marc:controlfield>
    <marc:controlfield tag="008">180504s2018    nkcbd   ob   f000 0 eng d</marc:controlfield>
    <marc:datafield tag="040" ind1=" " ind2=" ">
      <marc:subfield code="a">CaOODSP</marc:subfield>
      <marc:subfield code="b">eng</marc:subfield>
    </marc:datafield>
    <marc:datafield tag="043" ind1=" " ind2=" ">
      <marc:subfield code="a">n-cnm--</marc:subfield>
    </marc:datafield>
    <marc:datafield tag="086" ind1="1" ind2=" ">
      <marc:subfield code="a">Fs70-7/2018-015E-PDF</marc:subfield>
    </marc:datafield>
    <marc:datafield tag="245" ind1="0" ind2="0">
      <marc:subfield code="a">Limit reference points for Atlantic salmon rivers in DFO Gulf Region </marc:subfield>
      <marc:subfield code="h">[electronic resource].</marc:subfield>
    </marc:datafield>
    <marc:datafield tag="246" ind1="1" ind2="7">
      <marc:subfield code="a">Science response : </marc:subfield>
      <marc:subfield code="b">limit reference points, Atlantic salmon</marc:subfield>
    </marc:datafield>
    <marc:datafield tag="260" ind1=" " ind2=" ">
      <marc:subfield code="a">Moncton, N.B. : </marc:subfield>
      <marc:subfield code="b">Centre for Science Advice (CSA), Gulf Region, Fisheries and Oceans Canada, </marc:subfield>
      <marc:subfield code="c">2018.</marc:subfield>
    </marc:datafield>
    <marc:datafield tag="300" ind1=" " ind2=" ">
      <marc:subfield code="a">20 p. : </marc:subfield>
      <marc:subfield code="b">col. chart, col. maps.</marc:subfield>
    </marc:datafield>
    <marc:datafield tag="490" ind1="1" ind2=" ">
      <marc:subfield code="a">Science response, </marc:subfield>
      <marc:subfield code="x">1919-3769 ; </marc:subfield>
      <marc:subfield code="v">2018/015</marc:subfield>
    </marc:datafield>
    <marc:datafield tag="500" ind1=" " ind2=" ">
      <marc:subfield code="a">Issued also in French under title: Points de référence limite pour les rivières à saumon atlantique dans la Région du golfe du MPO.</marc:subfield>
    </marc:datafield>
    <marc:datafield tag="500" ind1=" " ind2=" ">
      <marc:subfield code="a">Caption title.</marc:subfield>
    </marc:datafield>
    <marc:datafield tag="500" ind1=" " ind2=" ">
      <marc:subfield code="a">"April 2018."</marc:subfield>
    </marc:datafield>
    <marc:datafield tag="504" ind1=" " ind2=" ">
      <marc:subfield code="a">Includes bibliographical references (p. 10-12).</marc:subfield>
    </marc:datafield>
    <marc:datafield tag="520" ind1=" " ind2=" ">
      <marc:subfield code="a">"Fisheries and Oceans Canada (DFO) Ecosystems and Fisheries Management Branch asked DFO Science to develop reference points for Atlantic Salmon that conform to “A fishery decision-making framework incorporating the Precautionary Approach”. That request followed on an action item associated with the implementation of the Wild Atlantic Salmon Conservation Policy to review benchmarks / reference points for Atlantic Salmon which conform to the Precautionary Approach (PA). This Science Response Report results from the Science Response Process of February 8, 2018 on Limit Reference Points for Atlantic Salmon rivers in Salmon Fishing Areas 15 to 18, DFO Gulf Region. This is a step in the development of the PA framework. Further work is required to complete the PA framework including the definition of the Upper Stock Reference point(s), harvest strategies, and harvest decision rules”--Context, p. [1].</marc:subfield>
    </marc:datafield>
    <marc:datafield tag="693" ind1=" " ind2="4">
      <marc:subfield code="a">Atlantic salmon</marc:subfield>
    </marc:datafield>
    <marc:datafield tag="693" ind1=" " ind2="4">
      <marc:subfield code="a">Fishing area</marc:subfield>
    </marc:datafield>
    <marc:datafield tag="693" ind1=" " ind2="4">
      <marc:subfield code="a">Fisheries management</marc:subfield>
    </marc:datafield>
    <marc:datafield tag="710" ind1="1" ind2=" ">
      <marc:subfield code="a">Canada. </marc:subfield>
      <marc:subfield code="b">Department of Fisheries and Oceans. </marc:subfield>
      <marc:subfield code="b">Gulf Region.</marc:subfield>
    </marc:datafield>
    <marc:datafield tag="710" ind1="2" ind2=" ">
      <marc:subfield code="a">Canadian Science Advisory Secretariat.</marc:subfield>
    </marc:datafield>
    <marc:datafield tag="775" ind1="0" ind2="8">
      <marc:subfield code="t">Points de référence limite pour les rivières à saumon atlantique dans la Région du golfe du MPO </marc:subfield>
      <marc:subfield code="w">(CaOODSP)9.856169</marc:subfield>
    </marc:datafield>
    <marc:datafield tag="830" ind1="#" ind2="0">
      <marc:subfield code="a">Science response (Canadian Science Advisory Secretariat)</marc:subfield>
      <marc:subfield code="x">1919-3769 ; </marc:subfield>
      <marc:subfield code="v">2018/015.</marc:subfield>
      <marc:subfield code="w">(CaOODSP)9.506232</marc:subfield>
    </marc:datafield>
    <marc:datafield tag="856" ind1="4" ind2="0">
      <marc:subfield code="q">PDF</marc:subfield>
      <marc:subfield code="s">812 KB</marc:subfield>
      <marc:subfield code="u">https://publications.gc.ca/collections/collection_2018/mpo-dfo/fs70-7/Fs70-7-2018-015-eng.pdf</marc:subfield>
    </marc:datafield>
  </marc:record>
</marc:collection>
